000 00376 a2200097 4500
245 0 0 _aUrządzenia i systemy elektroakustyczne wysokiej wierności odtwarzania - Minimalne wymagania techniczne Wzmacniacze PN-93/T-06256/06 /
_cMiP i Handlu.
246 1 3 _aPN-93/T-06256/06
246 1 3 _a621.375:621.396.61
260 _aWarszawa :
_bMiP i Handlu,
_c1993.
300 _a8 stron ;
_c30 cm.
650 _aPolska norma
999 _c21472
_d21472